Structuring and Restructuring Sovereign Debt : The Role of a Bankruptcy Regime /

In an environment characterized by weak contractual enforcement, sovereign lenders can enhance the likelihood of repayment by making their claims more difficult to restructure ex post. We show however, that competition for repayment among lenders may result in a sovereign debt that is excessively di...

Fuld beskrivelse

Bibliografiske detaljer
Hovedforfatter: Bolton, Patrick
Andre forfattere: Jeanne, Olivier
Format: Tidsskrift
Sprog:English
Udgivet: Washington, D.C. : International Monetary Fund, 2007.
Serier:IMF Working Papers; Working Paper ; No. 2007/192
Online adgang:Full text available on IMF
LEADER 01560cas a2200253 a 4500
001 AALejournalIMF009478
008 230101c9999 xx r poo 0 0eng d
020 |c 5.00 USD 
020 |z 9781451867565 
022 |a 1018-5941 
040 |a BD-DhAAL  |c BD-DhAAL 
100 1 |a Bolton, Patrick. 
245 1 0 |a Structuring and Restructuring Sovereign Debt :   |b The Role of a Bankruptcy Regime /  |c Patrick Bolton, Olivier Jeanne. 
264 1 |a Washington, D.C. :  |b International Monetary Fund,  |c 2007. 
300 |a 1 online resource (27 pages) 
490 1 |a IMF Working Papers 
500 |a <strong>Off-Campus Access:</strong> No User ID or Password Required 
500 |a <strong>On-Campus Access:</strong> No User ID or Password Required 
506 |a Electronic access restricted to authorized BRAC University faculty, staff and students 
520 3 |a In an environment characterized by weak contractual enforcement, sovereign lenders can enhance the likelihood of repayment by making their claims more difficult to restructure ex post. We show however, that competition for repayment among lenders may result in a sovereign debt that is excessively difficult to restructure in equilibrium. This inefficiency may be alleviated by a suitably designed bankruptcy regime that facilitates debt restructuring. 
538 |a Mode of access: Internet 
700 1 |a Jeanne, Olivier. 
830 0 |a IMF Working Papers; Working Paper ;  |v No. 2007/192 
856 4 0 |z Full text available on IMF  |u http://elibrary.imf.org/view/journals/001/2007/192/001.2007.issue-192-en.xml  |z IMF e-Library